Statistics for Top 100 Countries With The Highest IQ

Click here to take the quiz!

General Stats

  • This quiz has been taken 167 times
  • The average score is 73 of 100

Answer Stats

#Answer% Correct
31United States
96%
14United Kingdom
95%
20Canada
92%
4China
92%
30France
92%
3Japan
92%
16Finland
91%
17Sweden
91%
28Australia
89%
18Belgium
89%
21Germany
89%
35Russia
89%
2South Korea
89%
6Italy
87%
13Netherlands
87%
11Norway
87%
29Spain
87%
81Brazil
86%
71Mexico
86%
24New Zealand
86%
41Portugal
86%
34Ukraine
86%
25Denmark
85%
7Iceland
85%
19Poland
85%
9Switzerland
85%
63Turkey
85%
12Austria
84%
49Ireland
84%
1Singapore
84%
93Peru
83%
39Slovakia
83%
48Argentina
82%
62Chile
82%
15Estonia
82%
23Latvia
82%
36Slovenia
82%
54Lithuania
81%
27Czech Republic
80%
50Greece
80%
26Hungary
80%
82Indonesia
80%
40Israel
80%
10Luxembourg
79%
5Taiwan
79%
46Vietnam
78%
45Romania
77%
37Uruguay
77%
33Belarus
76%
60Croatia
76%
58Albania
75%
44Kazakhstan
75%
68Serbia
75%
57Thailand
75%
47Bulgaria
74%
91Cuba
73%
70Ecuador
73%
79Iraq
73%
51Malaysia
73%
38Moldova
73%
100Panama
72%
22Andorra
71%
76Azerbaijan
71%
32Malta
71%
42Armenia
70%
66Costa Rica
70%
53Cyprus
70%
67Laos
70%
43Georgia
69%
86Philippines
69%
56Cambodia
68%
8Mongolia
68%
77Bolivia
67%
59Bosnia and Herzegovina
67%
78Uzbekistan
67%
64Suriname
66%
61Kyrgyzstan
65%
80Myanmar
64%
88Fiji
63%
73Guyana
63%
74Turkmenistan
63%
75Tajikistan
62%
52Brunei
61%
98Belize
60%
72Nauru
60%
85Kuwait
59%
97Bahamas
58%
84Tonga
57%
69Samoa
56%
96Vanuatu
55%
94Marshall Islands
52%
99Solomon Islands
52%
89Trinidad and Tobago
52%
92Yemen
52%
87Kiribati
49%
95Micronesia
48%
83Seychelles
42%
65Mauritius
39%
90Eritrea
17%
55Sierra Leone
13%

Score Distribution

Percentile by Number Answered

Percent of People with Each Score

Your Score History

You have not taken this quiz